000 00772cam a2200253 4500
001 M2241
008 090401t1996 xxu||||| |||| 00| 0 eng d
035 _a(Sirsi) u96362
041 _aeng
110 _aRoyal Institution of Chartered Surveyors
_94900
245 _aConsultation paper : planning policy guidance note 7 (revised) : the countryside - environmental quality and economic development.
260 _aLondon
_bRICS
_c1996
300 _a19p. ; 30cm.
350 _a4
490 _aRICS Memorandum
_vPU/Report(96)17
650 _aEnvironment
_96238
650 _aPLANNING POLICY GUIDANCE NOTE 7
650 _aPPG7
650 _aRURAL DEVELOPMENT
650 _aRURAL ECONOMY
690 _aPLANNING LAW AND PRACTICE
942 _n0
948 _c04/03/1997
999 _c98649
_d98649